00516 2200193 4500001002100000005001700021008004100038035002400079040001200103082001000115090001900125100001800144245004900162260002800211300002500239650002100264850001200285990002500297YOGYA-1111000000003620111101195234.0 ind  0010-111100000000036 aYOPDYOG a028.5 aKS 028.5 Har S aHARWOOD, Beth aSelamat tidur:mimpi indah ya !cBeth Harwood aJakartabErlanggac2010 a[20] hlmbilusc27cm aBacaan bergambar aYOPDYOG a2957-2958-KS/B.11b2